Statistics for Cantons Of Bosnia & Herzegovina On A Map

Click here to take the quiz!

General Stats

  • This quiz has been taken 286 times
  • The average score is 8 of 18

Answers on the Map

Answers color-coded by a green-red scale on the quiz's map according to % correct below.
 

Answer Stats

Canton% Correct
Sarajevo
94%
Tuzla
71%
Banja-Luka
67%
Brcko
66%
Una-Sana
45%
Posavina
44%
Bijeljina
43%
Canton 10
40%
Zenica-Doboj
40%
West Herzegovina
39%
Central Bosnia
38%
Doboj
38%
Trebinje
36%
Herzegovina-Neretva
35%
Foca
28%
Vlasenica
17%
Sarajevo-Romanija
14%
Bosnian-Podrinji
10%

Score Distribution

Percentile by Number Answered

Percent of People with Each Score

Your Score History

You have not taken this quiz